000
00319nam a22001457a 4500
008
180919b xxu||||| |||| 00| 0 eng d
020
_a
9781891859335
041
_a
eng
080
_a
070
082
_a
070
100
_a
40
101
_a
MED
245
_a
Facilitating online learning
_c
Collison,G
942
_2
udc
_c
BK
999
_c
48040
_d
48040